| 000 | 01141 a2200301 4500 | ||
|---|---|---|---|
| 005 | 20081006124514.0 | ||
| 008 | 081006t xxu||||| |||| 00| 0 eng d | ||
| 010 | _aENG-91151 | ||
| 020 |
_a9780070265110 _c250.00 |
||
| 020 | _a0070265119 | ||
| 035 | _aEN-74684 | ||
| 037 | _bDBAD / PUB | ||
| 040 |
_adpl _bEnglish |
||
| 082 | _a005.74 | ||
| 100 | _aCeri, Stefano | ||
| 245 |
_aDistributed databases: _cby Stefano Ceri [and] Giuseppe Pelagatti _bprinciples and systems / |
||
| 260 |
_aNew Delhi _bTata Mc-Graw Hill Publishing _c2008 |
||
| 270 |
_a7, West Patel Nagar _bNew Delhi _e110 008 |
||
| 300 |
_axii, 393p. _c23 cm. (Pbk.) |
||
| 490 | _aMcGraw-Hill computer science series | ||
| 500 | _aIncludes bibliographical references and index | ||
| 650 | _2Database management | ||
| 650 | _2Electronic data processing | ||
| 650 | _2Distributed processing | ||
| 700 | _aPelagatti, Giuseppe | ||
| 942 |
_adpl _cEN _2ddc _h005.74 _mCER |
||
| 999 |
_c16260 _d16260 |
||